Thuật nói chuyện
Giới thiệu nghệ thuật nói chuyện thành công trong cuộc sống và bí quyết bồi dưỡng rèn luyện tài nói chuyện, cách từ chối, nghệ thuật nói chuyện với người khác giới.
সংরক্ষণ করুন:
| প্রধান লেখক: | |
|---|---|
| বিন্যাস: | গ্রন্থ |
| ভাষা: | Vietnamese |
| প্রকাশিত: |
Thanh Hóa
Nxb.Thanh Hóa
2017
|
| সংস্করন: | Tái bản lần 8 |
| বিষয়গুলি: | |
| ট্যাগগুলো: |
ট্যাগ যুক্ত করুন
কোনো ট্যাগ নেই, প্রথমজন হিসাবে ট্যাগ করুন!
|
| Thư viện lưu trữ: | Thư viện Trường Đại học Nam Cần Thơ |
|---|
| LEADER | 01337nam a22002297a 4500 | ||
|---|---|---|---|
| 001 | NCT_42875 | ||
| 008 | 180616b xxu||||| |||| 00| 0 vie d | ||
| 999 | |c 2056 |d 2056 | ||
| 020 | |c 68000 | ||
| 082 | 0 | 4 | |2 23rd ed. |a 158.2 |b M312 |
| 100 | 1 | |a Tô Minh | |
| 245 | 1 | 0 | |a Thuật nói chuyện |c Tô Minh |
| 250 | |a Tái bản lần 8 | ||
| 260 | |a Thanh Hóa |b Nxb.Thanh Hóa |c 2017 | ||
| 300 | |a 183tr. |c 21cm | ||
| 520 | 3 | |a Giới thiệu nghệ thuật nói chuyện thành công trong cuộc sống và bí quyết bồi dưỡng rèn luyện tài nói chuyện, cách từ chối, nghệ thuật nói chuyện với người khác giới. | |
| 653 | |a Quan hệ công chúng | ||
| 942 | |2 ddc |c BK | ||
| 952 | |0 0 |1 0 |2 ddc |4 0 |6 158_200000000000000_M312 |7 0 |9 11035 |a 000001 |b 000001 |d 2018-06-16 |l 3 |m 1 |o 158.2 M312 |p MD.09371 |q 2022-03-01 |r 2022-02-15 |s 2022-02-15 |v 68000.00 |w 2018-06-16 |y BK | ||
| 952 | |0 0 |1 0 |2 ddc |4 0 |6 158_200000000000000_M312 |7 0 |9 13991 |a 000001 |b 000001 |d 2018-09-19 |l 4 |m 1 |o 158.2 M312 |p MD.09370 |r 2022-02-11 |s 2021-06-09 |v 65000.00 |w 2018-09-19 |y BK | ||
| 952 | |0 0 |1 0 |2 ddc |4 0 |6 158_200000000000000_M312 |7 0 |9 14778 |a 000001 |b 000001 |d 2018-10-29 |l 5 |o 158.2 M312 |p MD.09372 |r 2021-04-14 |s 2021-04-01 |v 68000.00 |w 2018-10-29 |y BK | ||
| 980 | |a Thư viện Trường Đại học Nam Cần Thơ | ||